000 00762nam a22003017a 4500
003 OSt
005 20140402112854.0
008 140331b xxu||||| |||| 00| 0 eng d
020 _a0590998676
050 _aLB 1049.9
_b.B647s48 1997
100 _aBlevins, Wiley.
245 _aWhale of a joke! /
_cWiley Blevins ; illustrated by Jeff Moores.
260 _aNew York :
_bScholastic,
_c1997.
300 _a16 p. :
_bcol. ill. ;
_c14 cm.
440 _aScholastic phonics readers
_n#48
521 _aG1
526 _c200
650 _aReading
_vPhonetic method.
942 _2lcc
_cBK
999 _c48798
_d48798